=LDR 00000nam 2200000 4500 =001 NUTBA000000000002813 =005 20140701090112.0 =006 =007 =008 =020 ##$$a 979-24-4144-1 =035 ##$$a 0010-071400000000001 =040 ##$$a NBPDMAT =082 ##$$a 665.776 =090 ##$$a 665.776 $b Men m =245 ##$$a Menyulap kotoran ternak menjadi alternatif , penyunting , Bachtiar DM, Ulfah Hidayati, Restu Distiamardianti =250 ##$$a Cet.2 =260 ##$$a Jakarta : $b Citra Unggul Laksana, $c 2011 =300 ##$$a 52 hlm. : $b ilus. ; $c 21 cm. =500 ##$$a Bibliografi : hlm. 50 =650 ##$$a Biogas Dari Kotoran Ternak =700 ##$$a Bachtiar DM =850 ##$$a NBPDMAT =990 ##$$a 21403172